Départements Occitanie - Statistiques

Statistiques générales
  • Ce quiz a été pris 294 fois
  • Le résultat moyen est 11 sur 13
Statistiques - réponses
Départements Chefs-lieux % Correct
Haute Garonne Toulouse
97%
Hérault Montpellier
94%
Gard Nîmes
92%
Aude Carcassonne
89%
Pyrénées Orientales Perpignan
89%
Aveyron Rodez
84%
Tarn Albi
80%
Gers Auch
79%
Hautes Pyrénées Tarbes
78%
Ariège Foix
77%
Lozère Mende
74%
Tarn et Garonne Montauban
73%
Lot Cahors
71%
Aucun quiz correspondant
Distribution des résultats
% des personnes avec chaque résultat
Percentile par nombre de réponses
Votre historique - résultats
Vous n’avez pas pris ce quiz